000 00357nam a2200133Ia 4500
008 151001s9999||||xx |||||||||||||| ||und||
100 _aपु ग सहस्त्रबुद्धे
245 _aइहवादी शासन
250 _a1
260 _bकेशरी प्रकाशन
260 _c1970
300 _a327
365 _b21
999 _c957934
_d957931